000 00213 a2200109 4500
020 _a978999223067
041 _aspa
100 _aRodrg̕uez, Vc̕tor
245 _aEstudios Sociales 5
942 _cBK
952 _71
999 _c18215
_d18215